The noble scholar, jurist, historian


 His Excellency Dr. Abdul Wahhab bin Ibrahim Abu Sulaiman, may Allah have mercy on him.


 He was born in Umm Al-Qura in the year 1356 AH.

منهاج العابدين إلى جنة رب العالمين / (Record no. 4629)

MARC details
000 -LEADER
fixed length control field 01157cam a22002651i 4500
003 - CONTROL NUMBER IDENTIFIER
control field SA-RiAUC
005 - DATE AND TIME OF LATEST TRANSACTION
control field 20250112084450.0
008 - FIXED-LENGTH DATA ELEMENTS--GENERAL INFORMATION
fixed length control field 250111s2006 su g 00010 ara c
040 ## - CATALOGING SOURCE
Original cataloging agency SA-MaUQU
Language of cataloging ara
Transcribing agency SA-RiAUC
Description conventions rda
082 0# - DEWEY DECIMAL CLASSIFICATION NUMBER
Classification number 260
090 ## - LOCALLY ASSIGNED LC-TYPE CALL NUMBER (OCLC); LOCAL CALL NUMBER (RLIN)
Classification number (OCLC) (R) ; Classification number, CALL (RLIN) (NR) 260
Local cutter number (OCLC) ; Book number/undivided call number, CALL (RLIN) غ ز ا
100 1# - MAIN ENTRY--PERSONAL NAME
Personal name الغزالي، محمد بن محمد بن محمد،
Titles and words associated with a name حجة الإسلام،
Dates associated with a name 450-505 هجري
Relator term مؤلف.
245 10 - TITLE STATEMENT
Title منهاج العابدين إلى جنة رب العالمين /
Statement of responsibility, etc. محمد بن محمد الغزالي ؛ عني به بوجمعة عبد القادر مكري.
250 ## - EDITION STATEMENT
Edition statement الطبعة الأولى.
264 #1 - PRODUCTION, PUBLICATION, DISTRIBUTION, MANUFACTURE, AND COPYRIGHT NOTICE
Place of production, publication, distribution, manufacture جدة، السعودية ؛
-- الرياض :
Name of producer, publisher, distributor, manufacturer دار المنهاج للنشر والتوزيع،
Date of production, publication, distribution, manufacture, or copyright notice 2006
300 ## - PHYSICAL DESCRIPTION
Extent 303 صفحة ؛
Dimensions 25 سم
336 ## - CONTENT TYPE
Content type term نص
Content type code txt
Source rdacontent
Materials specified كتاب
337 ## - MEDIA TYPE
Media type term بدون وسيط
Media type code n
Source rdamedia
338 ## - CARRIER TYPE
Carrier type term مجلد
Carrier type code nc
Source rdacarrier
650 #7 - SUBJECT ADDED ENTRY--TOPICAL TERM
Topical term or geographic name entry element التصوف الإسلامي
Source of heading or term aucsh
650 #7 - SUBJECT ADDED ENTRY--TOPICAL TERM
Topical term or geographic name entry element الوعظ والإرشاد
Source of heading or term aucsh
700 1# - ADDED ENTRY--PERSONAL NAME
Personal name مكري، بوجمعة عبد القادر
Relator term مراجع.
942 ## - ADDED ENTRY ELEMENTS (KOHA)
Source of classification or shelving scheme Dewey Decimal Classification
Koha item type Books
Suppress in OPAC No
949 ## - LOCAL PROCESSING INFORMATION (OCLC)
a SA-JeALM
d 250111
u osman123
n 1
Holdings
Withdrawn status Lost status Source of classification or shelving scheme Damaged status Not for loan Home library Current library Date acquired Total checkouts Full call number Barcode Date last seen Price effective from Koha item type
    Dewey Decimal Classification     DR AbdElwahab Library DR AbdElwahab Library 01/12/2025   260 غ ز ا 000007088 01/12/2025 01/12/2025 Books
    Dewey Decimal Classification     DR AbdElwahab Library DR AbdElwahab Library 01/12/2025   260 غ ز ا 000007089 01/12/2025 01/12/2025 Books